000 01356nam a2200313Ia 4500
001 ebr10369812
003 CaPaEBR
006 m u
007 cr cn|||||||||
008 090415s2010 dcua sb 001 0 eng d
010 _z 2009015198
020 _z9780821379325 (alk. paper)
040 _aCaPaEBR
_cCaPaEBR
035 _a(OCoLC)609892501
050 1 4 _aRA643.86.A357
_bA33 2010eb
100 1 _aBundy, Donald A. P.
245 1 0 _aAccelerating the education sector response to HIV
_h[electronic resource] :
_bfive years of experience from Sub-Saharan Africa /
_cDonald Bundy, et al.
260 _aWashington, DC :
_bWorld Bank,
_c2010.
300 _axxxiv, 93 p. :
_bill.
500 _a"The report was written by: Donald Bundy ... [et al.]."--Acknowledgments.
504 _aIncludes bibliographical references and index.
533 _aElectronic reproduction.
_bPalo Alto, Calif. :
_cebrary,
_d2010.
_nAvailable via World Wide Web.
_nAccess may be limited to ebrary affiliated libraries.
650 0 _aAIDS (Disease)
_xPrevention
_zAfrica, Sub-Saharan.
650 0 _aHealth education
_zAfrica, Sub-Saharan.
655 7 _aElectronic books.
_2local
710 2 _aWorld Bank.
710 2 _aebrary, Inc.
856 4 0 _uhttp://site.ebrary.com/lib/rucke/Doc?id=10369812
_zAn electronic book accessible through the World Wide Web; click to view
999 _c213938
_d213938